| 000 | 01033cam a2200289 4500 | ||
|---|---|---|---|
| 001 | J85075 | ||
| 008 | 090401t1997 xxu||||| |||| 00| 0 eng d | ||
| 035 | _a(Sirsi) u79493 | ||
| 041 | _aeng | ||
| 050 | _a692.9 | ||
| 110 |
_aJoint Contracts Tribunal _93664 |
||
| 245 | _aStandard form of Nominated Sub-Contract Tender NSC/T: 1991 edition: part 1 ... amendment 2 issued May 1997 : joint code of practice on the protection from fire of construction sites and buildings undergoing renovation (Joint Fire Code). | ||
| 260 |
_aLondon _bRIBA Publications _c1997 |
||
| 300 | _a1 sheet ; 30cm. | ||
| 350 | _a0.8 | ||
| 650 | _aAMENDMENT 2 | ||
| 650 | _aBUILT ENVIRONMENT-BUILDING CONTRACT FORMS | ||
| 650 | _aFIRE PROTECTION | ||
| 650 | _aJCT STANDARD FORM OF BUILDING CONTRACT (1980 EDITION) | ||
| 650 | _aJOINT FIRE CODE | ||
| 650 | _aNSC/T 1991 | ||
| 650 | _aRENOVATIONS | ||
| 650 | _aSTANDARD FORM OF NOMINATED SUBCONTRACT | ||
| 690 | _aBUILT ENVIRONMENT-BUILDING CONTRACT FORMS | ||
| 942 | _n0 | ||
| 948 | _c08/07/1997 | ||
| 999 |
_c96546 _d96546 |
||